<?xml version="1.0" encoding="UTF-8"?>
<record
    xmlns:xsi="http://www.w3.org/2001/XMLSchema-instance"
    xsi:schemaLocation="http://www.loc.gov/MARC21/slim http://www.loc.gov/standards/marcxml/schema/MARC21slim.xsd"
    xmlns="http://www.loc.gov/MARC21/slim">

  <leader>01108nam a22002657a 4500</leader>
  <controlfield tag="003">BI-BuBU</controlfield>
  <controlfield tag="008">120723t1987    xxc||||dr||||o000 0 bil  d</controlfield>
  <datafield tag="037" ind1=" " ind2=" ">
    <subfield code="b">don </subfield>
  </datafield>
  <datafield tag="039" ind1=" " ind2=" ">
    <subfield code="a">20120723110638.0</subfield>
    <subfield code="b">Dieudonn&#xE9; Ndayishimiye</subfield>
  </datafield>
  <datafield tag="040" ind1=" " ind2=" ">
    <subfield code="a">BI-BuBU</subfield>
    <subfield code="b">fre</subfield>
    <subfield code="c">BI-BuBU</subfield>
  </datafield>
  <datafield tag="041" ind1="0" ind2=" ">
    <subfield code="a">fre</subfield>
  </datafield>
  <datafield tag="041" ind1="0" ind2=" ">
    <subfield code="a">eng</subfield>
  </datafield>
  <datafield tag="080" ind1=" " ind2=" ">
    <subfield code="a">632.15</subfield>
  </datafield>
  <datafield tag="110" ind1="1" ind2=" ">
    <subfield code="4">aut</subfield>
    <subfield code="a">Canada</subfield>
    <subfield code="b">S&#xE9;cr&#xE9;tariat d'Etat:Department of the Secretary</subfield>
    <subfield code="c">Canada</subfield>
    <subfield code="9">58114</subfield>
  </datafield>
  <datafield tag="245" ind1="1" ind2="0">
    <subfield code="a">R&#xE9;seau international de n&#xE9;ologie et de terminologie</subfield>
    <subfield code="b">Vocabulaire des pluies acides et de la pollution</subfield>
    <subfield code="c">Secr&#xE9;tariat d'Etat au Canada=Department of the secretaryof State of Canad</subfield>
  </datafield>
  <datafield tag="246" ind1=" " ind2=" ">
    <subfield code="a">vocabulary of acide rain and air pullution</subfield>
  </datafield>
  <datafield tag="260" ind1=" " ind2=" ">
    <subfield code="a">Canada</subfield>
    <subfield code="b">Secr&#xE9;tariat d'Etat au Canada=Department of the Secretary of Canada</subfield>
    <subfield code="c">1987</subfield>
  </datafield>
  <datafield tag="300" ind1=" " ind2=" ">
    <subfield code="a">XVI-247p.</subfield>
    <subfield code="c">22 cm.</subfield>
  </datafield>
  <datafield tag="504" ind1=" " ind2=" ">
    <subfield code="a">Bibliogr.</subfield>
  </datafield>
  <datafield tag="650" ind1="1" ind2="7">
    <subfield code="2">BI-BuBU</subfield>
    <subfield code="a">Pluie acide</subfield>
    <subfield code="v"> </subfield>
    <subfield code="x">Vocabulaire</subfield>
    <subfield code="9">58115</subfield>
  </datafield>
  <datafield tag="650" ind1="1" ind2="7">
    <subfield code="2">BI-BuBU</subfield>
    <subfield code="a">Pollution atmosph&#xE9;rique</subfield>
    <subfield code="x">Vocabulaire</subfield>
    <subfield code="9">58116</subfield>
  </datafield>
  <datafield tag="942" ind1=" " ind2=" ">
    <subfield code="2">udc</subfield>
    <subfield code="c">BK</subfield>
  </datafield>
  <datafield tag="999" ind1=" " ind2=" ">
    <subfield code="c">16874</subfield>
    <subfield code="d">16874</subfield>
  </datafield>
  <datafield tag="952" ind1=" " ind2=" ">
    <subfield code="0">0</subfield>
    <subfield code="1">0</subfield>
    <subfield code="2">udc</subfield>
    <subfield code="4">0</subfield>
    <subfield code="7">0</subfield>
    <subfield code="9">27057</subfield>
    <subfield code="a">BC</subfield>
    <subfield code="b">BC</subfield>
    <subfield code="d">2012-07-23</subfield>
    <subfield code="e">Don</subfield>
    <subfield code="l">0</subfield>
    <subfield code="o">632.15 RES.</subfield>
    <subfield code="p">5010000270513</subfield>
    <subfield code="r">2012-07-23</subfield>
    <subfield code="t">1</subfield>
    <subfield code="w">2012-07-23</subfield>
    <subfield code="y">BK</subfield>
  </datafield>
</record>
